000 00370nam a2200157Ia 4500
008 210210b1926 xxu||||| |||| 00| 0 eng d
041 _aeng
082 _a825/1184
100 _aSWINBURNE
245 _aHarold Nicholson
260 _aLondon
_bMacmillan & Co. Ltd.
_c1926
650 _aNicholson
650 _aHarold
690 _aEnglish Criticism
906 _a015498
999 _c134868
_d134868